000 00471nam a2200181Ia 4500
001 3572
005 20260306145653.0
008 260306t1996||||xx |||||||||||||| ||spa||
041 _aESP
082 _a289.8
_bJ81C
100 _aJuan Pablo II, Papa, [1920-2005]
_eAUT
245 0 _aCarta a las mujeres:
_bcuarta conferencia mundial sobre la mujer
260 _c1996
300 _a310 páginas :
_c19 cm.
650 _aGEN
654 _aCHU
942 _cLIB
_dJUS
_fJUS
_2ddc
_n
999 _c3572
_d3572